Normal view
MARC view
Entry Topical Term
001 - CONTROL NUMBER
- control field: 3493
003 - CONTROL NUMBER IDENTIFIER
- control field: OSt
005 - DATE AND TIME OF LATEST TRANSACTION
- control field: 20190318155127.0
008 - FIXED-LENGTH DATA ELEMENTS
- fixed length control field: 190318|| aca||aabn | a|a d
040 ## - CATALOGING SOURCE
- Original cataloging agency: OSt
- Transcribing agency: OSt
150 ## - HEADING--TOPICAL TERM
- Topical term or geographic name entry element: Environmental protection
- General subdivision: Political aspects
- Geographic subdivision: Tanzania.
670 ## - SOURCE DATA FOUND
- Source citation: Work cat.: (OSt)508243: Kashwan, Prakash, author. 3491, Democracy in the woods :
